[Event "Russian Blitz Championship (w)"]
[Site "Sochi"]
[Date "2022.10.14"]
[Round "4.2"]
[White "Tomilova, Elena"]
[Black "Pogonina, Natalija"]
[Result "1/2-1/2"]
[BlackElo "2332"]
[WhiteElo "2107"]
[LiveChessVersion "1.4.8"]

1. c4 {[%clk 0:03:02]} e5 {[%clk 0:03:03]} 2. g3 {[%clk 0:03:02]} Nf6
{[%clk 0:03:03]} 3. Bg2 {[%clk 0:03:03]} Nc6 {[%clk 0:03:02]} 4. Nc3
{[%clk 0:02:59]} Be7 {[%clk 0:03:02]} 5. d3 {[%clk 0:02:52]} O-O {[%clk 0:03:02]}
6. Nf3 {[%clk 0:02:51]} d6 {[%clk 0:02:59]} 7. O-O {[%clk 0:02:50]} h6
{[%clk 0:03:00]} 8. Rb1 {[%clk 0:02:49]} a5 {[%clk 0:02:59]} 9. a3
{[%clk 0:02:49]} Be6 {[%clk 0:02:50]} 10. b4 {[%clk 0:02:43]} axb4
{[%clk 0:02:45]} 11. axb4 {[%clk 0:02:44]} Qd7 {[%clk 0:02:37]} 12. b5
{[%clk 0:02:40]} Na5 {[%clk 0:02:35]} 13. Re1 {[%clk 0:02:16]} c6
{[%clk 0:02:26]} 14. Bb2 {[%clk 0:01:56]} Bh3 {[%clk 0:02:19]} 15. Bh1
{[%clk 0:01:56]} Qe6 {[%clk 0:02:12]} 16. bxc6 {[%clk 0:01:31]} bxc6
{[%clk 0:02:12]} 17. Na4 {[%clk 0:01:31]} Nd7 {[%clk 0:02:04]} 18. Bc3
{[%clk 0:01:19]} d5 {[%clk 0:01:52]} 19. cxd5 {[%clk 0:01:12]} cxd5
{[%clk 0:01:52]} 20. Bb4 {[%clk 0:01:04]} Bxb4 {[%clk 0:01:46]} 21. Rxb4
{[%clk 0:01:05]} Nc6 {[%clk 0:01:47]} 22. Rb7 {[%clk 0:01:02]} Rxa4
{[%clk 0:01:08]} 23. Qxa4 {[%clk 0:01:01]} Nc5 {[%clk 0:01:09]} 24. Qb5
{[%clk 0:00:58]} Nxb7 {[%clk 0:01:09]} 25. Qxb7 {[%clk 0:00:59]} e4
{[%clk 0:01:04]} 26. dxe4 {[%clk 0:00:46]} dxe4 {[%clk 0:01:04]} 27. Nd2
{[%clk 0:00:42]} e3 {[%clk 0:00:55]} 28. Nf3 {[%clk 0:00:32]} Re8
{[%clk 0:00:48]} 29. Bg2 {[%clk 0:00:25]} exf2+ {[%clk 0:00:38]} 30. Kxf2
{[%clk 0:00:26]} Qe3+ {[%clk 0:00:31]} 31. Kf1 {[%clk 0:00:27]} Bxg2+
{[%clk 0:00:26]} 32. Kxg2 {[%clk 0:00:28]} Nd4 {[%clk 0:00:22]} 33. Nxd4
{[%clk 0:00:27]} Qxd4 {[%clk 0:00:23]} 34. Qf3 {[%clk 0:00:26]} Qe5 1/2-1/2

[Event "Russian Blitz Championship (w)"]
[Site "Sochi"]
[Date "2022.10.14"]
[Round "4.3"]
[White "Girya, Olga"]
[Black "Vasilevich, Tatjana"]
[Result "1-0"]
[BlackElo "2226"]
[WhiteElo "2298"]
[LiveChessVersion "1.4.8"]

1. d4 {[%clk 0:03:03]} Nf6 {[%clk 0:03:03]} 2. Nf3 {[%clk 0:03:04]} g6
{[%clk 0:03:04]} 3. g3 {[%clk 0:03:04]} Bg7 {[%clk 0:03:04]} 4. Bg2
{[%clk 0:03:05]} O-O {[%clk 0:03:04]} 5. O-O {[%clk 0:03:05]} d6 {[%clk 0:03:05]}
6. Nbd2 {[%clk 0:03:00]} Nc6 {[%clk 0:03:01]} 7. e4 {[%clk 0:02:55]} e5
{[%clk 0:02:57]} 8. dxe5 {[%clk 0:02:51]} dxe5 {[%clk 0:02:58]} 9. c3
{[%clk 0:02:46]} Qe7 {[%clk 0:02:43]} 10. Qc2 {[%clk 0:02:47]} b6
{[%clk 0:02:40]} 11. Re1 {[%clk 0:02:45]} Ba6 {[%clk 0:02:34]} 12. Qa4
{[%clk 0:02:37]} Bb7 {[%clk 0:02:35]} 13. Nc4 {[%clk 0:02:29]} a6
{[%clk 0:02:26]} 14. Qc2 {[%clk 0:02:28]} Rad8 {[%clk 0:02:19]} 15. Ne3
{[%clk 0:02:11]} Rfe8 {[%clk 0:02:11]} 16. a4 {[%clk 0:02:04]} a5
{[%clk 0:02:10]} 17. b3 {[%clk 0:02:05]} Ba6 {[%clk 0:02:07]} 18. Ba3
{[%clk 0:02:03]} Qd7 {[%clk 0:01:45]} 19. Rad1 {[%clk 0:01:52]} Bd3
{[%clk 0:01:19]} 20. Qc1 {[%clk 0:01:53]} Qc8 {[%clk 0:01:20]} 21. Nd5
{[%clk 0:01:47]} Ba6 {[%clk 0:01:11]} 22. Bb2 {[%clk 0:01:26]} Bb7
{[%clk 0:01:01]} 23. c4 {[%clk 0:01:18]} Nd7 {[%clk 0:00:47]} 24. Ba3
{[%clk 0:01:10]} Nc5 {[%clk 0:00:45]} 25. Qc3 {[%clk 0:01:02]} Nd4
{[%clk 0:00:43]} 26. Bxc5 {[%clk 0:00:52]} bxc5 {[%clk 0:00:34]} 27. Qxa5
{[%clk 0:00:50]} Bxd5 {[%clk 0:00:29]} 28. cxd5 {[%clk 0:00:45]} Nxb3
{[%clk 0:00:22]} 29. Qc3 {[%clk 0:00:46]} Nd4 {[%clk 0:00:17]} 30. Qxc5
{[%clk 0:00:47]} Qa6 {[%clk 0:00:15]} 31. Nxd4 {[%clk 0:00:25]} exd4
{[%clk 0:00:16]} 32. a5 {[%clk 0:00:22]} Rd7 {[%clk 0:00:08]} 33. Bf1
{[%clk 0:00:23]} Qf6 {[%clk 0:00:07]} 34. Bb5 {[%clk 0:00:22]} Rde7
{[%clk 0:00:06]} 35. Bxe8 {[%clk 0:00:22]} Rxe8 {[%clk 0:00:08]} 36. Qxc7
{[%clk 0:00:21]} Qa6 {[%clk 0:00:06]} 37. Qc6 {[%clk 0:00:20]} Qxc6
{[%clk 0:00:05]} 38. dxc6 {[%clk 0:00:21]} Rc8 {[%clk 0:00:06]} 39. Rc1
{[%clk 0:00:22]} Be5 1-0

[Event "Russian Blitz Championship (w)"]
[Site "Sochi"]
[Date "2022.10.14"]
[Round "4.4"]
[White "Garifullina, Leya"]
[Black "Potapova, Margarita"]
[Result "0-1"]
[BlackElo "2150"]
[WhiteElo "2267"]
[LiveChessVersion "1.4.8"]

1. e4 {[%clk 0:03:02]} c6 {[%clk 0:03:04]} 2. d4 {[%clk 0:03:02]} d5
{[%clk 0:03:05]} 3. e5 {[%clk 0:03:03]} Bf5 {[%clk 0:03:06]} 4. Nf3
{[%clk 0:03:03]} e6 {[%clk 0:03:08]} 5. Be2 {[%clk 0:03:04]} c5 {[%clk 0:03:09]}
6. O-O {[%clk 0:03:03]} Nc6 {[%clk 0:03:09]} 7. c3 {[%clk 0:02:57]} cxd4
{[%clk 0:03:10]} 8. Nxd4 {[%clk 0:02:58]} Nge7 {[%clk 0:03:10]} 9. Nxf5
{[%clk 0:02:59]} Nxf5 {[%clk 0:03:11]} 10. Bd3 {[%clk 0:02:59]} g6
{[%clk 0:03:12]} 11. Qe2 {[%clk 0:03:00]} Bg7 {[%clk 0:03:13]} 12. f4
{[%clk 0:02:48]} O-O {[%clk 0:03:13]} 13. Bxf5 {[%clk 0:02:36]} exf5
{[%clk 0:03:12]} 14. Be3 {[%clk 0:02:27]} f6 {[%clk 0:03:01]} 15. exf6
{[%clk 0:02:24]} Qxf6 {[%clk 0:03:00]} 16. Qf2 {[%clk 0:02:17]} Rfe8
{[%clk 0:02:59]} 17. Nd2 {[%clk 0:02:16]} d4 {[%clk 0:02:49]} 18. cxd4
{[%clk 0:02:07]} Nxd4 {[%clk 0:02:49]} 19. Nc4 {[%clk 0:01:53]} Nc6
{[%clk 0:02:45]} 20. Rad1 {[%clk 0:01:51]} Rad8 {[%clk 0:02:39]} 21. b3
{[%clk 0:01:51]} b5 {[%clk 0:02:33]} 22. Rxd8 {[%clk 0:01:39]} Qxd8
{[%clk 0:02:26]} 23. Ne5 {[%clk 0:01:28]} Nxe5 {[%clk 0:02:19]} 24. fxe5
{[%clk 0:01:28]} Bxe5 {[%clk 0:02:08]} 25. Bxa7 {[%clk 0:01:28]} Qc7
{[%clk 0:02:08]} 26. g3 {[%clk 0:01:24]} Ra8 {[%clk 0:01:55]} 27. Bd4
{[%clk 0:01:22]} Bxd4 {[%clk 0:01:48]} 28. Qxd4 {[%clk 0:01:23]} Rxa2
{[%clk 0:01:38]} 29. Qd5+ {[%clk 0:01:22]} Qf7 {[%clk 0:01:29]} 30. Qxb5
{[%clk 0:01:22]} Qa7+ {[%clk 0:01:29]} 31. Kh1 {[%clk 0:00:28]} Qa8+
{[%clk 0:01:31]} 0-1

[Event "Russian Blitz Championship (w)"]
[Site "Sochi"]
[Date "2022.10.14"]
[Round "4.5"]
[White "Usacheva, Glafira"]
[Black "Bivol, Alina"]
[Result "0-1"]
[BlackElo "2264"]
[WhiteElo "1800"]
[LiveChessVersion "1.4.8"]

1. e4 {[%clk 0:03:03]} e5 {[%clk 0:02:56]} 2. Nf3 {[%clk 0:03:03]} Nc6
{[%clk 0:02:58]} 3. Bb5 {[%clk 0:03:04]} a6 {[%clk 0:02:56]} 4. Ba4
{[%clk 0:03:05]} Bc5 {[%clk 0:02:55]} 5. O-O {[%clk 0:02:52]} Nge7
{[%clk 0:02:54]} 6. Nc3 {[%clk 0:02:44]} d6 {[%clk 0:02:50]} 7. h3
{[%clk 0:02:33]} O-O {[%clk 0:02:48]} 8. Bb3 {[%clk 0:02:34]} Ng6
{[%clk 0:02:47]} 9. a3 {[%clk 0:02:27]} Be6 {[%clk 0:02:43]} 10. Nd5
{[%clk 0:02:20]} h6 {[%clk 0:02:31]} 11. c3 {[%clk 0:02:07]} Ba7 {[%clk 0:02:33]}
12. d4 {[%clk 0:02:02]} Qd7 {[%clk 0:02:33]} 13. Be3 {[%clk 0:01:56]} Kh7
{[%clk 0:02:25]} 14. Qe2 {[%clk 0:01:47]} exd4 {[%clk 0:01:57]} 15. cxd4
{[%clk 0:01:47]} Rae8 {[%clk 0:01:50]} 16. Rac1 {[%clk 0:01:42]} Bb8
{[%clk 0:01:35]} 17. Qd2 {[%clk 0:01:25]} f5 {[%clk 0:01:30]} 18. exf5
{[%clk 0:00:51]} Rxf5 {[%clk 0:01:17]} 19. Qd3 {[%clk 0:00:06]} Bxd5
{[%clk 0:01:06]} 20. Bc2 {[%clk 0:00:03]} Be4 {[%clk 0:01:06]} 21. Qc3
{[%clk 0:00:03]} Bxc2 {[%clk 0:01:06]} 22. Qxc2 {[%clk 0:00:04]} Kh8
{[%clk 0:01:00]} 23. Rfd1 {[%clk 0:00:04]} Ref8 {[%clk 0:00:59]} 24. Nd2
{[%clk 0:00:04]} Nce7 {[%clk 0:00:56]} 25. g4 {[%clk 0:00:05]} Rd5
{[%clk 0:00:42]} 26. Ne4 {[%clk 0:00:06]} Nh4 {[%clk 0:00:39]} 27. Nc3
{[%clk 0:00:06]} c6 {[%clk 0:00:29]} 28. Nxd5 {[%clk 0:00:06]} Nxd5
{[%clk 0:00:30]} 29. Qe4 {[%clk 0:00:04]} Re8 {[%clk 0:00:26]} 30. Qd3
{[%clk 0:00:04]} Nxe3 {[%clk 0:00:25]} 31. fxe3 {[%clk 0:00:05]} d5
{[%clk 0:00:26]} 32. Rf1 {[%clk 0:00:05]} Qd6 {[%clk 0:00:27]} 33. Rf2
{[%clk 0:00:03]} Qg3+ {[%clk 0:00:28]} 34. Kf1 Bd6 0-1

[Event "Russian Blitz Championship (w)"]
[Site "Sochi"]
[Date "2022.10.14"]
[Round "4.6"]
[White "Shuvalova, Polina"]
[Black "Yakimova, Mariya"]
[Result "1/2-1/2"]
[BlackElo "2134"]
[WhiteElo "2392"]
[LiveChessVersion "1.4.8"]

1. d4 {[%clk 0:03:03]} Nf6 {[%clk 0:03:03]} 2. Nf3 {[%clk 0:03:04]} g6
{[%clk 0:03:04]} 3. Bg5 {[%clk 0:03:03]} Bg7 {[%clk 0:03:05]} 4. Nbd2
{[%clk 0:03:04]} d5 {[%clk 0:03:06]} 5. e3 {[%clk 0:03:02]} O-O {[%clk 0:03:04]}
6. c3 {[%clk 0:03:01]} Nbd7 {[%clk 0:02:53]} 7. h3 {[%clk 0:03:01]} c5
{[%clk 0:02:46]} 8. Be2 {[%clk 0:03:00]} b6 {[%clk 0:02:41]} 9. O-O
{[%clk 0:02:59]} Bb7 {[%clk 0:02:42]} 10. a4 {[%clk 0:02:59]} a6 {[%clk 0:02:39]}
11. Bf4 {[%clk 0:02:56]} Nh5 {[%clk 0:02:11]} 12. Bh2 {[%clk 0:02:57]} Re8
{[%clk 0:02:12]} 13. b4 {[%clk 0:02:45]} Rc8 {[%clk 0:02:03]} 14. Qb3
{[%clk 0:02:38]} c4 {[%clk 0:01:45]} 15. Qc2 {[%clk 0:02:39]} f5 {[%clk 0:01:30]}
16. Rfe1 {[%clk 0:02:38]} Nhf6 {[%clk 0:01:28]} 17. Ne5 {[%clk 0:02:25]} Ne4
{[%clk 0:01:22]} 18. Ndf3 {[%clk 0:02:21]} e6 {[%clk 0:01:00]} 19. Nxd7
{[%clk 0:02:20]} Qxd7 {[%clk 0:01:01]} 20. Be5 {[%clk 0:02:20]} Bf8
{[%clk 0:00:56]} 21. Nd2 {[%clk 0:02:18]} Nxd2 {[%clk 0:00:42]} 22. Qxd2
{[%clk 0:02:18]} Bg7 {[%clk 0:00:43]} 23. f4 {[%clk 0:02:09]} h6 {[%clk 0:00:37]}
24. g4 {[%clk 0:02:03]} Kh7 {[%clk 0:00:38]} 25. Kf2 {[%clk 0:01:59]} Rg8
{[%clk 0:00:39]} 26. Rg1 {[%clk 0:01:59]} Qe7 {[%clk 0:00:36]} 27. Kg3
{[%clk 0:01:29]} Bf6 {[%clk 0:00:35]} 28. Kh2 {[%clk 0:01:24]} Bxe5
{[%clk 0:00:27]} 29. dxe5 {[%clk 0:01:23]} Rcf8 {[%clk 0:00:27]} 30. Qd4
{[%clk 0:01:24]} Qd8 {[%clk 0:00:28]} 31. a5 {[%clk 0:01:21]} b5 {[%clk 0:00:28]}
32. Raf1 {[%clk 0:01:18]} Rg7 {[%clk 0:00:29]} 33. Rg3 {[%clk 0:01:16]} Rfg8
{[%clk 0:00:30]} 34. Rfg1 {[%clk 0:01:17]} Bc8 {[%clk 0:00:29]} 35. Qc5
{[%clk 0:01:10]} Qe8 {[%clk 0:00:23]} 36. Qd6 {[%clk 0:01:08]} Kh8
{[%clk 0:00:13]} 37. Bf3 {[%clk 0:01:01]} Kh7 {[%clk 0:00:13]} 38. Qb6
{[%clk 0:00:57]} Kh8 {[%clk 0:00:12]} 39. Qd6 {[%clk 0:00:28]} Kh7
{[%clk 0:00:13]} 40. h4 {[%clk 0:00:28]} fxg4 {[%clk 0:00:07]} 41. Bxg4
{[%clk 0:00:23]} h5 {[%clk 0:00:05]} 42. Bf3 {[%clk 0:00:21]} Qd8
{[%clk 0:00:05]} 43. Qxd8 {[%clk 0:00:17]} Rxd8 {[%clk 0:00:06]} 44. Bxh5
{[%clk 0:00:17]} Rdg8 {[%clk 0:00:06]} 45. Bg4 {[%clk 0:00:17]} Bd7
{[%clk 0:00:06]} 46. Bh3 {[%clk 0:00:18]} Kh6 {[%clk 0:00:07]} 47. Rg5
{[%clk 0:00:19]} Bc8 {[%clk 0:00:04]} 48. Bg4 {[%clk 0:00:20]} Bd7
{[%clk 0:00:04]} 49. Bf3 {[%clk 0:00:21]} Rh7 {[%clk 0:00:04]} 50. h5
{[%clk 0:00:17]} 1/2-1/2

[Event "Russian Blitz Championship (w)"]
[Site "Sochi"]
[Date "2022.10.14"]
[Round "4.7"]
[White "Solozhenkina, Elizaveta"]
[Black "Borisova, Ekaterina"]
[Result "1-0"]
[BlackElo "2134"]
[WhiteElo "2218"]
[LiveChessVersion "1.4.8"]

1. e4 {[%clk 0:03:03]} e5 {[%clk 0:03:02]} 2. Nf3 {[%clk 0:03:05]} Nc6
{[%clk 0:03:03]} 3. Nc3 {[%clk 0:03:06]} g6 {[%clk 0:02:58]} 4. d4
{[%clk 0:03:07]} exd4 {[%clk 0:02:59]} 5. Nxd4 {[%clk 0:03:08]} Bg7
{[%clk 0:03:00]} 6. Be3 {[%clk 0:03:09]} Nge7 {[%clk 0:02:58]} 7. Bc4
{[%clk 0:03:01]} d6 {[%clk 0:02:56]} 8. O-O {[%clk 0:03:00]} O-O {[%clk 0:02:56]}
9. a4 {[%clk 0:02:59]} Ne5 {[%clk 0:02:51]} 10. Be2 {[%clk 0:02:55]} d5
{[%clk 0:02:18]} 11. f4 {[%clk 0:02:29]} Nc4 {[%clk 0:02:19]} 12. Bxc4
{[%clk 0:02:28]} dxc4 {[%clk 0:02:20]} 13. Qd2 {[%clk 0:02:09]} a6
{[%clk 0:01:49]} 14. Rad1 {[%clk 0:01:56]} c5 {[%clk 0:01:47]} 15. Nf3
{[%clk 0:01:34]} Qb6 {[%clk 0:00:59]} 16. e5 {[%clk 0:01:21]} Nf5
{[%clk 0:00:54]} 17. Nd5 {[%clk 0:01:22]} Qxb2 {[%clk 0:00:54]} 18. Bxc5
{[%clk 0:01:14]} c3 {[%clk 0:00:29]} 19. Qxc3 {[%clk 0:00:47]} Qxc3
{[%clk 0:00:28]} 20. Nxc3 {[%clk 0:00:48]} Re8 {[%clk 0:00:29]} 21. Nd5
{[%clk 0:00:46]} Be6 {[%clk 0:00:16]} 22. Nc7 {[%clk 0:00:40]} Rac8
{[%clk 0:00:11]} 23. Nxe8 {[%clk 0:00:39]} Rxc5 {[%clk 0:00:11]} 24. Rd8
{[%clk 0:00:35]} Bf8 {[%clk 0:00:12]} 25. Nf6+ {[%clk 0:00:27]} Kg7
{[%clk 0:00:13]} 26. Ng5 {[%clk 0:00:23]} Bc4 {[%clk 0:00:12]} 27. Rfd1
{[%clk 0:00:20]} Ne3 {[%clk 0:00:08]} 28. R1d7 {[%clk 0:00:15]} h6
{[%clk 0:00:05]} 29. Ngh7 {[%clk 0:00:13]} Be7 {[%clk 0:00:03]} 30. Rg8#
{[%clk 0:00:12]} 1-0

[Event "Russian Blitz Championship (w)"]
[Site "Sochi"]
[Date "2022.10.14"]
[Round "4.8"]
[White "Shvedova, Maria"]
[Black "Guseva, Marina"]
[Result "0-1"]
[BlackElo "2273"]
[WhiteElo "1811"]
[LiveChessVersion "1.4.8"]

1. d4 {[%clk 0:03:03]} Nf6 {[%clk 0:03:01]} 2. c4 {[%clk 0:03:05]} e6
{[%clk 0:03:02]} 3. a3 {[%clk 0:03:05]} b6 {[%clk 0:02:56]} 4. Nc3
{[%clk 0:03:05]} Bb7 {[%clk 0:02:58]} 5. Qc2 {[%clk 0:03:05]} c5 {[%clk 0:02:57]}
6. e3 {[%clk 0:02:54]} cxd4 {[%clk 0:02:56]} 7. exd4 {[%clk 0:02:55]} Be7
{[%clk 0:02:55]} 8. Nf3 {[%clk 0:02:55]} O-O {[%clk 0:02:44]} 9. Be2
{[%clk 0:02:55]} d5 {[%clk 0:02:45]} 10. cxd5 {[%clk 0:02:45]} Nxd5
{[%clk 0:02:45]} 11. O-O {[%clk 0:02:43]} Nd7 {[%clk 0:02:41]} 12. Nxd5
{[%clk 0:02:30]} Bxd5 {[%clk 0:02:42]} 13. Bf4 {[%clk 0:02:25]} Nf6
{[%clk 0:02:30]} 14. Rac1 {[%clk 0:02:20]} Be4 {[%clk 0:02:26]} 15. Qd2
{[%clk 0:02:10]} Nd5 {[%clk 0:02:09]} 16. Bg3 {[%clk 0:02:03]} Bxf3
{[%clk 0:02:06]} 17. Bxf3 {[%clk 0:02:03]} Bg5 {[%clk 0:02:08]} 18. Qd3
{[%clk 0:01:39]} Bxc1 {[%clk 0:02:07]} 19. Rxc1 {[%clk 0:01:40]} Rc8
{[%clk 0:02:07]} 20. Re1 {[%clk 0:01:35]} Qd7 {[%clk 0:02:05]} 21. h4
{[%clk 0:01:35]} Ne7 {[%clk 0:01:49]} 22. Be5 {[%clk 0:01:29]} Rfd8
{[%clk 0:01:43]} 23. Be4 {[%clk 0:01:05]} Ng6 {[%clk 0:01:34]} 24. Bxg6
{[%clk 0:00:52]} hxg6 {[%clk 0:01:35]} 25. h5 {[%clk 0:00:53]} gxh5
{[%clk 0:01:33]} 26. Qg3 {[%clk 0:00:52]} f5 {[%clk 0:01:13]} 27. Qg6
{[%clk 0:00:50]} Qf7 {[%clk 0:01:13]} 28. Qg5 {[%clk 0:00:47]} Rd7
{[%clk 0:01:10]} 29. Re3 {[%clk 0:00:42]} g6 {[%clk 0:00:48]} 30. Rg3
{[%clk 0:00:32]} Kh7 {[%clk 0:00:49]} 31. Rh3 {[%clk 0:00:30]} Rd5
{[%clk 0:00:37]} 32. g4 {[%clk 0:00:18]} fxg4 {[%clk 0:00:34]} 33. Qxg4
{[%clk 0:00:15]} Qf5 {[%clk 0:00:26]} 34. Qg3 {[%clk 0:00:16]} Rc1+
{[%clk 0:00:25]} 35. Kh2 {[%clk 0:00:14]} Rc2 {[%clk 0:00:25]} 36. Bf4
{[%clk 0:00:11]} Rxd4 {[%clk 0:00:24]} 37. Be3 {[%clk 0:00:12]} Rg4
{[%clk 0:00:23]} 38. Qb8 {[%clk 0:00:11]} Qf7 {[%clk 0:00:22]} 39. Qe5
{[%clk 0:00:10]} Rxf2+ {[%clk 0:00:22]} 0-1

[Event "Russian Blitz Championship (w)"]
[Site "Sochi"]
[Date "2022.10.14"]
[Round "5.1"]
[White "Potapova, Margarita"]
[Black "Girya, Olga"]
[Result "1-0"]
[BlackElo "2298"]
[WhiteElo "2150"]
[LiveChessVersion "1.4.8"]

1. d4 {[%clk 0:03:02]} Nf6 {[%clk 0:03:03]} 2. c4 {[%clk 0:03:04]} e6
{[%clk 0:03:05]} 3. Nc3 {[%clk 0:03:05]} d5 {[%clk 0:03:06]} 4. cxd5
{[%clk 0:03:04]} exd5 {[%clk 0:03:07]} 5. Bg5 {[%clk 0:03:05]} Bb4
{[%clk 0:03:08]} 6. e3 {[%clk 0:03:05]} h6 {[%clk 0:03:09]} 7. Bh4
{[%clk 0:03:06]} g5 {[%clk 0:03:10]} 8. Bg3 {[%clk 0:03:07]} Ne4 {[%clk 0:03:11]}
9. Rc1 {[%clk 0:03:00]} Nc6 {[%clk 0:03:00]} 10. Bd3 {[%clk 0:02:50]} Bf5
{[%clk 0:02:52]} 11. Nge2 {[%clk 0:02:46]} h5 {[%clk 0:02:44]} 12. h4
{[%clk 0:02:44]} Nxg3 {[%clk 0:02:39]} 13. Nxg3 {[%clk 0:02:44]} Bxd3
{[%clk 0:02:37]} 14. Qxd3 {[%clk 0:02:45]} gxh4 {[%clk 0:02:31]} 15. Nf5
{[%clk 0:02:46]} Qf6 {[%clk 0:02:22]} 16. Rxh4 {[%clk 0:02:23]} O-O-O
{[%clk 0:02:18]} 17. Rf4 {[%clk 0:02:13]} Qg5 {[%clk 0:02:11]} 18. g3
{[%clk 0:02:14]} Kb8 {[%clk 0:02:03]} 19. a3 {[%clk 0:02:11]} Bd6
{[%clk 0:01:42]} 20. Nxd6 {[%clk 0:02:09]} Rxd6 {[%clk 0:01:43]} 21. Qf5
{[%clk 0:02:05]} Qxf5 22. Rxf5 {[%clk 0:02:06]} Nd8 {[%clk 0:00:49]} 23. Nxd5 c6
24. Nf4 {[%clk 0:02:00]} h4 {[%clk 0:00:50]} 25. gxh4 {[%clk 0:02:01]} Rxh4
{[%clk 0:00:52]} 26. Ke2 {[%clk 0:02:00]} Rh8 {[%clk 0:00:48]} 27. Rg1
{[%clk 0:02:00]} Re8 {[%clk 0:00:40]} 28. Kf3 {[%clk 0:01:52]} b6
{[%clk 0:00:28]} 29. b4 {[%clk 0:01:47]} Kc7 {[%clk 0:00:10]} 30. Nd3
{[%clk 0:01:46]} Re7 {[%clk 0:00:10]} 31. Ne5 {[%clk 0:01:44]} Rd5
{[%clk 0:00:11]} 32. Rf6 {[%clk 0:01:40]} a5 {[%clk 0:00:13]} 33. Rc1
{[%clk 0:01:39]} axb4 {[%clk 0:00:13]} 34. Nxc6 {[%clk 0:01:36]} Nxc6
{[%clk 0:00:10]} 35. Rcxc6+ {[%clk 0:01:37]} Kd8 {[%clk 0:00:10]} 36. axb4
{[%clk 0:01:38]} b5 {[%clk 0:00:11]} 37. Rc5 {[%clk 0:01:27]} 1-0

[Event "Russian Blitz Championship (w)"]
[Site "Sochi"]
[Date "2022.10.14"]
[Round "5.2"]
[White "Bivol, Alina"]
[Black "Voit, Daria"]
[Result "0-1"]
[BlackElo "2247"]
[WhiteElo "2264"]
[LiveChessVersion "1.4.8"]

1. e4 {[%clk 0:03:02]} c6 {[%clk 0:03:02]} 2. Nf3 {[%clk 0:02:52]} d5
{[%clk 0:03:02]} 3. Nc3 {[%clk 0:02:53]} dxe4 {[%clk 0:02:51]} 4. Nxe4
{[%clk 0:02:54]} Nf6 {[%clk 0:02:52]} 5. Qe2 {[%clk 0:02:54]} Nxe4
{[%clk 0:02:53]} 6. Qxe4 {[%clk 0:02:55]} Be6 {[%clk 0:02:53]} 7. b3
{[%clk 0:02:25]} Qd5 {[%clk 0:02:28]} 8. Bd3 {[%clk 0:02:19]} Nd7
{[%clk 0:02:27]} 9. c4 {[%clk 0:02:00]} Qxe4+ {[%clk 0:02:14]} 10. Bxe4
{[%clk 0:02:01]} Bg4 {[%clk 0:01:55]} 11. h3 {[%clk 0:01:50]} Bh5
{[%clk 0:01:44]} 12. Bb2 {[%clk 0:01:29]} Nc5 {[%clk 0:01:39]} 13. Bc2
{[%clk 0:01:28]} Bxf3 {[%clk 0:01:30]} 14. gxf3 {[%clk 0:01:29]} Rd8
{[%clk 0:01:21]} 15. d4 {[%clk 0:01:26]} Ne6 {[%clk 0:01:20]} 16. O-O-O
{[%clk 0:01:24]} Nf4 {[%clk 0:01:09]} 17. h4 {[%clk 0:01:20]} e6 {[%clk 0:01:04]}
18. Kb1 {[%clk 0:01:09]} Be7 {[%clk 0:00:59]} 19. Bc1 {[%clk 0:01:04]} Nh5
{[%clk 0:00:52]} 20. Be3 {[%clk 0:00:56]} O-O {[%clk 0:00:46]} 21. Rhg1
{[%clk 0:00:52]} g6 {[%clk 0:00:46]} 22. Bg5 {[%clk 0:00:47]} Bxg5
{[%clk 0:00:35]} 23. hxg5 {[%clk 0:00:47]} Rd7 {[%clk 0:00:34]} 24. Kb2
{[%clk 0:00:46]} Rfd8 {[%clk 0:00:35]} 25. Kc3 {[%clk 0:00:28]} Nf4
{[%clk 0:00:35]} 26. Rge1 {[%clk 0:00:29]} Nh3 {[%clk 0:00:36]} 27. Re5
{[%clk 0:00:15]} Nxf2 {[%clk 0:00:22]} 28. Rd2 {[%clk 0:00:15]} Nh3
{[%clk 0:00:22]} 29. b4 {[%clk 0:00:12]} Kg7 {[%clk 0:00:20]} 30. a4
{[%clk 0:00:12]} a6 {[%clk 0:00:17]} 31. b5 {[%clk 0:00:12]} axb5
{[%clk 0:00:18]} 32. axb5 {[%clk 0:00:13]} cxb5 {[%clk 0:00:19]} 33. Rxb5
{[%clk 0:00:14]} Nf4 {[%clk 0:00:16]} 34. Be4 {[%clk 0:00:13]} Rxd4
{[%clk 0:00:14]} 35. Rxd4 {[%clk 0:00:10]} Ne2+ {[%clk 0:00:15]} 36. Kd3
{[%clk 0:00:11]} Nxd4 {[%clk 0:00:14]} 37. Rxb7 {[%clk 0:00:12]} Nxf3+
{[%clk 0:00:11]} 38. Ke3 {[%clk 0:00:13]} Nxg5 {[%clk 0:00:12]} 39. Bg2
{[%clk 0:00:14]} Kf6 {[%clk 0:00:11]} 40. c5 {[%clk 0:00:15]} Rc8
{[%clk 0:00:12]} 41. c6 {[%clk 0:00:17]} e5 {[%clk 0:00:13]} 42. Bd5
{[%clk 0:00:15]} Ne6 {[%clk 0:00:13]} 43. Ra7 {[%clk 0:00:15]} Rc7
{[%clk 0:00:14]} 44. Ra8 {[%clk 0:00:16]} Nf4 {[%clk 0:00:15]} 45. Be4
{[%clk 0:00:16]} Ne6 {[%clk 0:00:16]} 46. Rb8 {[%clk 0:00:13]} Ke7
{[%clk 0:00:15]} 47. Rh8 {[%clk 0:00:08]} h5 {[%clk 0:00:15]} 48. Rh7
{[%clk 0:00:08]} Ng5 {[%clk 0:00:16]} 49. Rg7 {[%clk 0:00:07]} Nxe4
{[%clk 0:00:17]} 50. Kxe4 {[%clk 0:00:08]} Rxc6 51. Kxe5 {[%clk 0:00:09]} Rc5+
{[%clk 0:00:19]} 52. Kf4 {[%clk 0:00:10]} Rc8 {[%clk 0:00:20]} 53. Rh7
{[%clk 0:00:09]} Kf6 {[%clk 0:00:21]} 54. Kg3 {[%clk 0:00:07]} Rc7
{[%clk 0:00:22]} 55. Rh8 {[%clk 0:00:07]} Kg5 {[%clk 0:00:23]} 0-1

[Event "Russian Blitz Championship (w)"]
[Site "Sochi"]
[Date "2022.10.14"]
[Round "5.3"]
[White "Tomilova, Elena"]
[Black "Shuvalova, Polina"]
[Result "1/2-1/2"]
[BlackElo "2392"]
[WhiteElo "2107"]
[LiveChessVersion "1.4.8"]

1. d4 {[%clk 0:03:03]} Nf6 {[%clk 0:03:04]} 2. Nf3 {[%clk 0:03:04]} d5
{[%clk 0:03:05]} 3. c4 {[%clk 0:03:03]} e6 {[%clk 0:03:06]} 4. Nc3
{[%clk 0:03:03]} c5 {[%clk 0:03:07]} 5. e3 {[%clk 0:03:01]} a6 {[%clk 0:03:08]}
6. a3 {[%clk 0:03:00]} dxc4 {[%clk 0:03:07]} 7. Bxc4 {[%clk 0:03:00]} b5
{[%clk 0:03:09]} 8. Bd3 {[%clk 0:02:51]} Bb7 {[%clk 0:03:09]} 9. O-O
{[%clk 0:02:44]} Nbd7 {[%clk 0:03:10]} 10. Bc2 {[%clk 0:02:16]} Be7
{[%clk 0:03:08]} 11. dxc5 {[%clk 0:02:08]} Nxc5 {[%clk 0:03:00]} 12. b4
{[%clk 0:02:02]} Nce4 {[%clk 0:02:57]} 13. Nxe4 {[%clk 0:01:57]} Nxe4
{[%clk 0:02:47]} 14. Bb2 {[%clk 0:01:55]} O-O {[%clk 0:02:45]} 15. Nd4
{[%clk 0:01:35]} Rc8 {[%clk 0:02:40]} 16. Rc1 {[%clk 0:01:27]} Bf6
{[%clk 0:02:34]} 17. Qf3 {[%clk 0:01:15]} Qd5 {[%clk 0:02:08]} 18. Rfd1
{[%clk 0:01:00]} Nd6 {[%clk 0:01:11]} 19. Qh3 {[%clk 0:00:55]} 1/2-1/2